Greek and Roman mosaics /
"Greek and Roman Mosaics is a masterly overview of the rich and varied ancient art of mosaic. In the first part of this handsome volume, the styles and techniques of the ancient mosaicist's art are given a concise yet authoritative exposition. The second, and larger, part conducts the read...
المؤلف الرئيسي:
مؤلفون آخرون: ,
التنسيق: كتاب
اللغة:
English
Italian
منشور في:
New York :
Abbeville Press,
2012.
الطبعة: First edition.
الموضوعات:
الوسوم: إضافة وسم
رقم الطلب: ( F )NA3770 .P3513
| LEADER | 01663nam a22003257a 4500 | ||
|---|---|---|---|
| 003 | OSt | ||
| 005 | 20251222131858.0 | ||
| 008 | 251222t2012 nyuab g b 001 0 eng d | ||
| 020 | |a 9780789211255 (hardback) | ||
| 040 | |c ARCE Library | ||
| 041 | 1 | |a eng |h ita | |
| 043 | |a e------ |a ff----- |a aw----- | ||
| 050 | 1 | 4 | |a ( F )NA3770 |b .P3513 |
| 100 | 1 | |a Pappalardo, Umberto, |d 1949- | |
| 240 | 1 | 0 | |a Mosaici greci e romani. |l English |
| 245 | 1 | 0 | |a Greek and Roman mosaics / |c Umberto Pappalardo, Rosaria Ciardiello ; photography by Luciano Pedicini ; translated from the Italian by Ceil Friedman. |
| 250 | |a First edition. | ||
| 260 | |a New York : |b Abbeville Press, |c 2012. | ||
| 300 | |a 320 pages : |b illustrations, map ; |c 34 cm. | ||
| 500 | |a Translation of : Mosaici greci e romani. | ||
| 504 | |a Includes bibliographical references (pages 303-311) and index. | ||
| 520 | |a "Greek and Roman Mosaics is a masterly overview of the rich and varied ancient art of mosaic. In the first part of this handsome volume, the styles and techniques of the ancient mosaicist's art are given a concise yet authoritative exposition. The second, and larger, part conducts the reader on a chronological tour of the most important centers of the art form's development. Featuring more than two hundred newly commissioned photographs, Greek and Roman Mosaics is the first survey of its subject to be illustrated in full color"-- |c Provided by publisher. | ||
| 650 | 0 | |a Mosaics, Roman. | |
| 650 | 0 | |a Mosaics, Hellenistic. | |
| 650 | 0 | |a Mosaics, Byzantine. | |
| 700 | 1 | |a Ciardiello, Rosaria. | |
| 700 | 1 | |a Pedicini, Luciano. | |
| 901 | |a reviewed | ||
| 942 | |2 lcc |c BK | ||
| 999 | |c 31195 |d 31195 | ||
